Échelle de mots : de Zoro à Nami - Statistiques

Statistiques générales
  • Ce quiz a été pris 228 fois
  • Le résultat moyen est 14 sur 24
Statistiques - réponses
Hint Réponse % Correct
Bras Droit de l'Équipage des Mugiwara Zoro
99%
Lieu permettant d'observer des animaux (Enlever 1 lettre) Zoo
95%
Onomatopée faisant référence au bruit d'une explosion Boom
88%
Fête musicale et dansante organisée par des adolescents Boum
88%
Objectif d'appareil photo ou de caméra, à focale variable (Ajouter 1 lettre) Zoom
88%
Navigatrice de l'Équipage des Mugiwara Nami
79%
Le contraire de féminin Male
77%
Caribou peut en transformer tout son corps Boue
73%
Lieu servant de stockage aux vins Cave
72%
Montrer du mécontentement tout en restant silencieux, passif. Faire la ____ Moue
72%
Chacun des deux côtés d'une feuille de papier, généralement numéroté Page
70%
Partie d'une hélice qui agit sur l'air ou sur l'eau Pale
69%
Unité de quantité de matière dans le Système international d'unités Mole
68%
Les personnes ayant mangé un fruit du démon en perde la capacité Nage
57%
Qui fait preuve de sûreté dans ses jugements et sa conduite Sage
57%
Mot prononcé par Trafalgar D. Water Law Room
53%
Whole ____ Islande Cake
43%
Jeu de carte de combinaisons Rami
41%
Luffy, Ace et Sabo s'en sont échangé une coupe pour devenir frères Sake
40%
Longue barre de bois aplatie à une extrémité, qu'on manœuvre pour propulser et diriger une embarcation Rame
39%
Rythme joué avec l'instrument de percussion qu'on appelle les _____ (Ajouter 1 lettre) Clave
18%
Bande plate et mince d'une matière dure (Enlever 1 lettre) Lame
18%
Sanction disciplinaire infligée à un fonctionnaire, un employé, à un élève. Blame
13%
Outillage de maintien d’une pièce mécanique pendant son usinage ou sa modification Clame
6%
Aucun quiz correspondant
Distribution des résultats
% des personnes avec chaque résultat
Percentile par nombre de réponses
Votre historique - résultats
Vous n’avez pas pris ce quiz